Vietnam forest trees
v.v...
Đã lưu trong:
| Định dạng: | Sách |
|---|---|
| Năm xuất bản: |
H.
Agricultural publishing
1996
|
| Chủ đề: | |
| Tags: |
Thêm thẻ
Không có thẻ, Hãy là người đầu tiên gắn thẻ bản ghi này!
|
| LEADER | 00746nam a2200205 4500 | ||
|---|---|---|---|
| 082 | |a 634.9 |b V308N | ||
| 100 | |a | ||
| 245 | |a Vietnam forest trees |c | ||
| 260 | |a H. |b Agricultural publishing |c 1996 | ||
| 300 | |a 788 tr. |c 27 cm | ||
| 500 | |a Sách viết bằng tiếng Anh | ||
| 520 | |a v.v... | ||
| 653 | |a Lâm nghiệp | ||
| 653 | |a Cây rừng | ||
| 653 | |a Việt Nam | ||
| 653 | |a Tiếng Anh | ||
| 942 | |2 ddc |c STK0 | ||
| 999 | |c 3839 |d 3839 | ||
| 952 | |0 0 |1 0 |2 ddc |4 0 |6 634_900000000000000_V308N |7 1 |8 600 |9 38996 |a qbu |b qbu |c D4 |d 2014-12-17 |g 228000 |o 634.9 V308N |p 3083.c1 |r 0000-00-00 |w 2014-12-17 |y STK0 | ||
| 952 | |0 0 |1 0 |2 ddc |4 0 |6 634_900000000000000_V308N |7 0 |8 600 |9 38997 |a qbu |b qbu |c D4 |d 2014-12-17 |g 228000 |o 634.9 V308N |p 3083.c2 |r 0000-00-00 |w 2014-12-17 |y STK0 | ||